Cover crops or weeds (Record no. 56468)

MARC details
000 -LEADER
fixed length control field 00276nam a2200121Ia 4500
100 ## - MAIN ENTRY--AUTHOR NAME
Personal name Constable D H
245 #0 - TITLE STATEMENT
Title Cover crops or weeds
260 ## - PUBLICATION, DISTRIBUTION, ETC. (IMPRINT)
Name of publisher Planter
Year of publication 1956
300 ## - PHYSICAL DESCRIPTION
Number of Pages 145-149
650 ## - SUBJECT ADDED ENTRY--TOPICAL TERM
Topical Term Cover crops
942 ## - ADDED ENTRY ELEMENTS (KOHA)
Koha item type Journals
Holdings
Withdrawn status Lost status Damaged status Not for loan Home library Current library Shelving location Date acquired Serial Enumeration / chronology Koha item type
      Journals RRII Library RRII Library Botany 17/12/2021 Volume 32, Issue 3 Journals